Spain is different : en postales = in postcards /
Salvato in:
| Autore principale: | |
|---|---|
| Altri autori: | , |
| Natura: | Elettronico eBook |
| Lingua: | spagnolo inglese |
| Pubblicazione: |
Madrid : Barcelona :
Ediciones Complutense ; Ediciones Originales,
[2023]
|
| Edizione: | Primera edición. |
| Soggetti: | |
| Accesso online: | Digitalia Hispánica |
| Tags: |
Aggiungi Tag
Nessun Tag, puoi essere il primo ad aggiungerne!!
|
MARC
| LEADER | 00000nam a2200000Ii 4500 | ||
|---|---|---|---|
| 001 | DIGCOMPLT0062 | ||
| 003 | NyNyDIG | ||
| 006 | m o d | ||
| 007 | cr ||||||||||| | ||
| 008 | 230830s2023 sp a obq 000 0 spa d | ||
| 035 | |a (OCoLC)1395570478 | ||
| 040 | |a DGITA |b eng |e rda |e pn |c DGITA | ||
| 020 | |a 9788466937870 |q pdf |q (Ediciones Complutense) | ||
| 020 | |a 9788486060213 |q pdf |q (Ediciones Originales) | ||
| 020 | |z 9788466937863 | ||
| 041 | 1 | |a spa |h eng | |
| 043 | |a e-sp--- | ||
| 050 | 1 | 4 | |a TR654 ebook |
| 100 | 1 | |a Rabascall, Joan, |d 1935- |e author. | |
| 245 | 1 | 0 | |a Spain is different : |b en postales = in postcards / |c Joan Rabascall ; traducción y revisión de textos, Deirdre B. Jerry & Sergio España. |
| 250 | |a Primera edición. | ||
| 264 | 1 | |a Madrid : |b Ediciones Complutense ; |a Barcelona : |b Ediciones Originales, |c [2023] | |
| 300 | |a 1 online resource : |b illustrations. | ||
| 336 | |a text |b txt |2 rdacontent | ||
| 337 | |a computer |b c |2 rdamedia | ||
| 338 | |a online resource |b cr |2 rdacarrier | ||
| 347 | |a text file |2 rdaft | ||
| 347 | |b PDF | ||
| 500 | |a "Postal, postal turística, modernidades, turismo de masas, playa y paella, destape, Kitsch"--Cover. | ||
| 504 | |a Includes bibliographical references and filmography. | ||
| 588 | 0 | |a Online resource; title from PDF title page (Digitalia, viewed August 30, 2023) | |
| 650 | 0 | |a Postcards |z Spain |y 20th century. | |
| 651 | 0 | |a Madrid (Spain) |x History |y 20th century |v Pictorial works. | |
| 650 | 0 | |a Photography |z Spain |y 20th century. | |
| 700 | 1 | |a Jerry, Deirdre B., |e translator, |e contributor agent of text. | |
| 700 | 1 | |a España, Sergio |q (Sergio España Pérez), |e translator, |e contributor agent of text. | |
| 791 | 2 | |a Digitalia (Firm), |e distributor. | |
| 793 | 0 | |g Digitalia eBook Collection: |a Ediciones Complutense | |
| 776 | 0 | 8 | |i Print version: |a Rabascall, Joan, 1935- |t Spain is different. |d Madrid : Ediciones Complutense ; Barcelona : Ediciones Originales, [2023] |z 9788466937863 |
| 856 | 4 | 0 | |3 Digitalia Hispánica |u https://digitalia.unach.elogim.com/a/129223/ |
| 910 | |a Premium collection: 2023 | ||